000 00645nas a2200229 4500
001 BR8804114
003 BR-BrBNA
005 20231205091223.0
007 ta
008 230509b bl.|||p| |||| 00| 00por d
040 _aBR-BrBNA
_bpor
_cBiblioteca Nacional de Agricultura
041 _a(Pt)
072 _aL01; E10
100 1 _aGoncalves, L.S.
245 1 _aAbelhas africanas 30 anos depois
650 _aABELHA AFRICANA
650 _aAPICULTURA
650 _aPLANEJAMENTO
773 0 _tApicultura no Brasil (Brazil)
_x
_g(Jan-Feb 1987), v. 3(18) p. 33-37
_wBR8804114
909 _a202311
_bLúcia
_c55
_dLúcia Elande
942 _2AGRIS
_n0
_cANA
999 _c123647
_d123647